<?xml version="1.0" encoding="UTF-8"?>
<record
    xmlns:xsi="http://www.w3.org/2001/XMLSchema-instance"
    xsi:schemaLocation="http://www.loc.gov/MARC21/slim http://www.loc.gov/standards/marcxml/schema/MARC21slim.xsd"
    xmlns="http://www.loc.gov/MARC21/slim">

  <leader>02135nam a22003014a 4500</leader>
  <controlfield tag="001">478</controlfield>
  <controlfield tag="003">OSt</controlfield>
  <controlfield tag="005">20250902144144.0</controlfield>
  <controlfield tag="008">250902b        |||||||| |||| 00| 0 eng d</controlfield>
  <datafield tag="020" ind1=" " ind2=" ">
    <subfield code="a">8502015257</subfield>
  </datafield>
  <datafield tag="040" ind1=" " ind2=" ">
    <subfield code="b">por</subfield>
  </datafield>
  <datafield tag="041" ind1=" " ind2=" ">
    <subfield code="h">por</subfield>
  </datafield>
  <datafield tag="082" ind1="0" ind2="4">
    <subfield code="a">028.5</subfield>
    <subfield code="b">A994l</subfield>
  </datafield>
  <datafield tag="100" ind1="1" ind2=" ">
    <subfield code="a">Azevedo, Ricardo,</subfield>
    <subfield code="d">1949-</subfield>
    <subfield code="9">1030</subfield>
  </datafield>
  <datafield tag="245" ind1="1" ind2="2">
    <subfield code="a">O le&#xE3;o da noite estrelada /</subfield>
    <subfield code="c">Ricardo Azevedo</subfield>
  </datafield>
  <datafield tag="250" ind1=" " ind2=" ">
    <subfield code="a">3. ed.</subfield>
  </datafield>
  <datafield tag="260" ind1=" " ind2=" ">
    <subfield code="a">S&#xE3;o Paulo</subfield>
    <subfield code="b">Saraiva,</subfield>
    <subfield code="c">1997.</subfield>
  </datafield>
  <datafield tag="300" ind1=" " ind2=" ">
    <subfield code="a">62p.</subfield>
    <subfield code="b">il.</subfield>
  </datafield>
  <datafield tag="520" ind1=" " ind2=" ">
    <subfield code="a">Nessa hist&#xF3;ria acompanhamos as aventura de um le&#xE3;o muito especial: nascido na floresta, logo passou a ser amado e respeitado por todos os animais, quando aprisionado por ca&#xE7;adores sobreviveu &#xE0;s dificuldades da vida no circo e depois, no zool&#xF3;gico. Ap&#xF3;s escapar do cativeiro, seguindo seu instinto, embrenhando-se por muitos caminhos, consegue encontrar a selva, onde conhece outras esp&#xE9;cies. Alertado pelos bichos de que a natureza e seus habitantes estariam com os dias contados se n&#xE3;o fosse tomada uma atitude, o le&#xE3;o tenta esquivar-se da responsabilidade a ele atribu&#xED;da. No entanto, volta atr&#xE1;s e prop&#xF5;e um plano, logo aceito por todos: os animais fariam uma &#x201C;invas&#xE3;o amistosa&#x201D; ao mundo civilizado com o objetivo de alertar os homens sobre os perigos do desequil&#xED;brio ambiental. Sem apresentar um final definitivo, o narrador nos conta que uns dizem que o le&#xE3;o acabou sendo morto por ca&#xE7;adores, outros garantem que ele voltou para sua terra natal e outros, ainda, afirmam que ele &#x201C;embrenhou-se na floresta imensa e foi viver com a on&#xE7;a-pintada um apaixonado caso de amor&#x201D;. Essa narrativa re&#xFA;ne um enredo envolvente e uma proposta importante: alertar as crian&#xE7;as que se iniciam na leitura para a urg&#xEA;ncia da preserva&#xE7;&#xE3;o do meio-ambiente e a import&#xE2;ncia do respeito &#xE0; natureza numa hist&#xF3;ria de fic&#xE7;&#xE3;o que n&#xE3;o resvala para o didatismo disfar&#xE7;ado ou para o texto piegas</subfield>
  </datafield>
  <datafield tag="650" ind1=" " ind2=" ">
    <subfield code="a">Literatura Brasileira</subfield>
    <subfield code="9">205</subfield>
  </datafield>
  <datafield tag="650" ind1=" " ind2=" ">
    <subfield code="a">Infantojuvenil</subfield>
    <subfield code="9">200</subfield>
  </datafield>
  <datafield tag="650" ind1=" " ind2=" ">
    <subfield code="a">Aventura</subfield>
    <subfield code="9">47</subfield>
  </datafield>
  <datafield tag="655" ind1=" " ind2="0">
    <subfield code="a">Romance</subfield>
    <subfield code="9">23</subfield>
  </datafield>
  <datafield tag="655" ind1=" " ind2="0">
    <subfield code="a">Fic&#xE7;&#xE3;o </subfield>
    <subfield code="9">22</subfield>
  </datafield>
  <datafield tag="830" ind1=" " ind2="0">
    <subfield code="a">Jabuti</subfield>
    <subfield code="p">Aventura)</subfield>
  </datafield>
  <datafield tag="942" ind1=" " ind2=" ">
    <subfield code="2">ddc</subfield>
    <subfield code="n">0</subfield>
    <subfield code="c">BK</subfield>
  </datafield>
  <datafield tag="952" ind1=" " ind2=" ">
    <subfield code="0">0</subfield>
    <subfield code="1">0</subfield>
    <subfield code="2">ddc</subfield>
    <subfield code="4">0</subfield>
    <subfield code="7">0</subfield>
    <subfield code="8">FIC</subfield>
    <subfield code="a">BIBIB</subfield>
    <subfield code="b">BIBIB</subfield>
    <subfield code="c">IJ</subfield>
    <subfield code="d">2025-09-02</subfield>
    <subfield code="e">doa&#xE7;&#xE3;o</subfield>
    <subfield code="l">0</subfield>
    <subfield code="o">028.5 / A994l</subfield>
    <subfield code="p">2025-17411</subfield>
    <subfield code="r">2025-09-02 09:39:22</subfield>
    <subfield code="w">2025-09-02</subfield>
    <subfield code="y">BK</subfield>
  </datafield>
  <datafield tag="990" ind1=" " ind2=" ">
    <subfield code="a">Livro</subfield>
  </datafield>
  <datafield tag="999" ind1=" " ind2=" ">
    <subfield code="c">478</subfield>
    <subfield code="d">478</subfield>
  </datafield>
</record>
